00739nam a2200229 a 450000100070000000500170000700800410002401000170006502000390008204000130012104100080013408000130014208200170015510000070017210100080017924500680018774000680025590600450032394200120036899900170038095201120039765662420180110072758.0940106s1993 ctu d 000 0 eng  a 94102018  a071724671X :c$59.95 ($69.95 Can.) aDLCcDLC aeng a423 WEB00a423 WEB220 a22 aGJU00aNew Webster's dictionary and thesaurus of the English language.0 aLarousse illustrated international encyclopedia and dictionary. a7bcbccorignewd2encipf19gy-gencatlg 2ddccBK c39993d39993 00102udc40708PËKGa002b002cPËKGd2018-01-10l0o423 WEBp002-2995131r2018-01-10w2018-01-10yBK